Formula one drivers line-up 2021 - Statistics

General Stats
  • This quiz has been taken 262 times
  • The average score is 17 of 21
Answer Stats
Constructor Rounds Driver Nationality % Correct
Mercedes All Lewis Hamilton UK
88%
Alfa Romeo 1-13, 15-22* Kimi Räikkönen Finland
87%
Red Bull All Max Verstappen Netherlands
86%
Mercedes All Valtteri Bottas Finland
85%
Ferrari All Carlos Sainz Jr. Spain
83%
Ferrari All Charles Leclerc Monaco
83%
Red Bull All Sergio Pérez Mexico
83%
Alpine All Esteban Ocon France
82%
McLaren All Lando Norris UK
82%
Alpha Tauri All Pierre Gasly France
82%
McLaren All Daniel Ricciardo Australia
81%
Alpine All Fernando Alonso Spain
81%
Alfa Romeo 13-14 Robert Kubica Poland
81%
Aston Martin All Sebastian Vettel Germany
81%
Alpha Tauri All Yuki Tsunoda Japan
81%
Williams All George Russell UK
80%
Aston Martin All Lance Stroll Canada
80%
Williams All Nicholas Latifi Canada
80%
Alfa Romeo All Antonio Giovinazzi Italy
78%
Haas All Mick Schumacher Germany
78%
Haas All* Nikita Mazepin Russia
77%
No matching quizzes found
Score Distribution
Percent of People with Each Score
Percentile by Number Answered
Your Score History
You have not taken this quiz